000 00701nam a22002297a 4500
005 20170124110009.0
010 _aA-573554
020 _c120.00
035 _aA-573554
037 _bCen Lib/Ret
040 _aDPL
_bEN
082 _a370.118
_bGUP
100 _aGputa, N.L.
_917508
245 _aCreativity and values :
_cby N.L.Gupta
_beducational perspectives /
260 _aNew Delhi
_bArya Book Depot
_c1992
270 _a30, Naiwala, Karol Bagh
_bNew Delhi
_e110005
300 _a176p.
_c19cm(Hb)
500 _aIncludes bibliographical references.
650 _aMoral education
_974396
650 _aValues--Study and teaching
_974397
942 _2ddc
_cEN
_h370.118
_mGUP
999 _c126434
_d126434